| 000 | 00812nam a2200265 4500 | ||
|---|---|---|---|
| 003 | OSt | ||
| 005 | 20260601193854.0 | ||
| 008 | 260508b1999 maua|||| |||| 00| 0 eng d | ||
| 020 | _a9780262100694 | ||
| 020 | _a9780262600354 | ||
| 040 |
_aICI _bspa _cICI |
||
| 041 | _aeng | ||
| 050 |
_aNK1510 _bI54 |
||
| 100 | 1 |
_aJacobsen, Robert, _eautor _932842 |
|
| 245 | 1 |
_aInformation design / _cedited by Robert Jacobson |
|
| 264 |
_bMassachusetts. : _bInstitute of Technology, _c1999 |
||
| 300 |
_a357 páginas : _bilustraciones |
||
| 336 |
_atexto _2rdacontent |
||
| 337 |
_asin medio _2rdamedia |
||
| 338 |
_avolumen _2rdacarrier |
||
| 650 | _aComunicación en diseño | ||
| 650 |
_aComunicación _xInnovaciones tecnológicas _932844 |
||
| 700 | 1 |
_aJacobson, Robert E., _d1948- _eeditor _932845 |
|
| 942 |
_2lcc _cB _n1 |
||
| 999 |
_c21996 _d21996 |
||